| 000 | 00540nam a22002057a 4500 | ||
|---|---|---|---|
| 003 | CAmbridge | ||
| 005 | 20140310181717.0 | ||
| 008 | 130216t xxu||||| |||| 00| 0 eng d | ||
| 020 | _a9780521186780 | ||
| 050 |
_aPL 2250 _b.Y25 2012 |
||
| 100 | _aYao, Dan et. al. | ||
| 245 |
_aChinese literature _cDan Yao ... [et al.] |
||
| 250 | _a3rd ed. | ||
| 260 |
_aCambridge : _bCambridge University Press, _c2012. |
||
| 300 |
_a251 p. : _c24 cm. _b ill ; |
||
| 526 | _c1210L-1700L | ||
| 562 | _e1 | ||
| 942 |
_2lcc _cBK _kFOR |
||
| 999 |
_c1851 _d1851 |
||